000 00576nam a2200217Ia 4500
003 OSt
005 20230608082540.0
008 210423s2012 xx 000 0 und d
020 _a9789350132586
040 _cAL
041 _aeng
082 _a301.02 KAUU
100 _aKAUTILYA (K).
_9121978
245 _aUpkars UGC NET/JRF/SET sociology: paper II.
260 _aNew Delhi
_bUpkar prakashan
_c2012
300 _a512
_bPB
365 _b330
_cINR
650 _aSociology
_9121979
906 _aII. ; NET/JRF/SET ; paper ; sociology: ; UGC ; Upkars
942 _2ddc
_cBK
999 _c176261
_d176261